| 000 | 00712nam a2200205 i 4500 | ||
|---|---|---|---|
| 001 | 136199 | ||
| 003 | ES-MaACL | ||
| 005 | 20231222172315.0 | ||
| 007 | t| | ||
| 008 | 070214s1972 sp r ||||1| spa d | ||
| 100 | 1 |
_aSabater, Gaspar. _9101173 |
|
| 245 | 1 | 3 |
_aLa pintura contemporánea en Mallorca : _bdel impresionismo a nuestros días / _cGaspar Sabater ; prólogo de Carlos Areán. |
| 260 |
_aPalma de Mallorca : _bCort, _c1972. |
||
| 300 |
_a195 p., [102] h. de lám. : _bil. col. ; _c24 cm. |
||
| 650 | 4 |
_aPintura- _zMallorca. _9165594 |
|
| 650 | 4 |
_aPintura española- _yS.XX. _916042 |
|
| 700 | 1 |
_aAreán, Carlos, _d1921-1996 _922562 |
|
| 852 |
_aES-MaACL _jC-42710 |
||
| 999 |
_c136199 _d136199 |
||